[Event "Meghalaya op 1st"]
[Site "Shillong"]
[Date "2023.12.19"]
[Round "9"]
[White "Bartakke, Amardeep S"]
[Black "Tanmay, Rajbongshi"]
[Result "1-0"]
[WhiteElo "2011"]
[BlackElo "1819"]
[PlyCount "77"]
[EventDate "2023.12.13"]
[EventType "swiss"]
[EventRounds "10"]
[EventCountry "IND"]
[SourceTitle "CB52_2023"]
[SourceDate "2023.12.27"]
[SourceVersion "1"]
[SourceVersionDate "2023.12.27"]
[SourceQuality "1"]

1. e4 c5 2. Nf3 Nc6 3. d4 cxd4 4. Nxd4 e5 5. Nb5 d6 6. N1c3 a6 7. Na3 Nf6 8. Bg5 b5 9. Nd5 Be7 10. Bxf6 Bxf6 11. c4 b4 12. Nc2 a5 13. Qf3 Bg5 14. h4 Be7 15. Rd1 Be6 16. g3 0-0 17. Bh3 a4 18. Qd3 Qa5 19. b3 Bd8 20. Kf1 Qc5 21. Nde3 Bc7 22. h5 axb3 23. axb3 Ra2 24. Kg2 Rfa8 25. h6 g6 26. Bxe6 fxe6 27. Ng4 Rf8 28. Ra1 Rb2 29. Rhb1 Rxb1 30. Rxb1 Bb6 31. Rd1 Nd4 32. Nxd4 exd4 33. Qe2 Qg5 34. Rd3 Rf7 35. e5 dxe5 36. Nxe5 Re7 37. Rf3 Qxh6 38. Qe4 Bd8 39. Nc6 1-0

[Event "Madurai Athens of the East op 2nd"]
[Site "Madurai"]
[Date "2022.07.01"]
[Round "5"]
[White "Tran, Tuan Minh"]
[Black "Bartakke, Amardeep S"]
[Result "1-0"]
[WhiteElo "2513"]
[BlackElo "1998"]
[PlyCount "71"]
[EventDate "2022.06.28"]
[EventType "swiss"]
[EventRounds "10"]
[EventCountry "IND"]
[SourceTitle "EXT 2023"]
[Source "ChessBase"]
[SourceDate "2022.10.05"]
[SourceVersion "1"]
[SourceVersionDate "2022.10.05"]
[SourceQuality "1"]

1. c4 e5 2. Nc3 d6 3. g3 Nc6 4. Bg2 Be6 5. d3 Qd7 6. Rb1 g6 7. b4 Bg7 8. b5 Nd8 9. a4 Ne7 10. Ba3 0-0 11. Nf3 Bh3 12. 0-0 Bxg2 13. Kxg2 Ne6 14. Nd5 f5 15. e3 Rae8 16. Nd2 f4 17. Nf3 g5 18. h3 Ng6 19. Nd2 Rf7 20. Qh5 c6 21. Nc3 d5 22. cxd5 cxd5 23. e4 f3+ 24. Kh2 Nef4 25. gxf4 Rxf4 26. Nxf3 Nh4 27. Nxg5 h6 28. Nxd5 hxg5 29. Nxf4 exf4 30. Bb2 Re6 31. Bxg7 Qxg7 32. Rbc1 Rh6 33. Rc8+ Kh7 34. Qg4 Nf3+ 35. Qxf3 g4 36. Qxf4 1-0

[Event "Sitges Sunway op 6th"]
[Site "Sitges"]
[Date "2019.12.13"]
[Round "1"]
[White "Bartakke, Amardeep S"]
[Black "Nasuta, Grzegorz"]
[Result "0-1"]
[WhiteElo "2190"]
[BlackElo "2545"]
[PlyCount "100"]
[EventDate "2019.12.13"]
[EventType "swiss"]
[EventRounds "10"]
[EventCountry "ESP"]
[SourceTitle "CBM 193 Extra"]
[Source "ChessBase"]
[SourceDate "2020.01.31"]
[SourceVersion "1"]
[SourceVersionDate "2020.01.31"]
[SourceQuality "1"]

1. e4 c5 2. Nf3 d6 3. c3 Nf6 4. h3 Nc6 5. Bd3 d5 6. e5 Nd7 7. Bb5 Ndb8 8. d4 cxd4 9. cxd4 Bf5 10. Nc3 e6 11. 0-0 Be7 12. Be3 0-0 13. Qd2 Nd7 14. Ne1 Rc8 15. g4 Bg6 16. f4 f5 17. Bd3 Nb6 18. b3 Bb4 19. Rc1 Qh4 20. gxf5 Qg3+ 21. Ng2 Bxf5 22. Bxf5 Rxf5 23. h4 Ne7 24. Ne2 Rxc1 25. Qxc1 Qg4 26. Kf2 Rf8 27. a3 Rc8 28. Qb2 Ba5 29. Rc1 Nf5 30. b4 Nc4 31. Rxc4 Rxc4 32. bxa5 h5 33. Bd2 Nxh4 34. Nxh4 Qxh4+ 35. Ke3 Qh3+ 36. Kf2 Qh2+ 37. Kf3 Qh1+ 38. Kf2 Qh4+ 39. Ke3 Qh3+ 40. Kf2 Qh2+ 41. Ke3 Qg2 42. Qxb7 Rc2 43. Qb4 a6 44. f5 Qe4+ 45. Kf2 Qxf5+ 46. Ke1 h4 47. Qe7 Qg4 48. Nf4 Rxd2 49. Kxd2 Qxf4+ 50. Kc3 Qg4 0-1

[Event "Anogia op 8th"]
[Site "Anogia"]
[Date "2019.08.22"]
[Round "6"]
[White "Bartakke, Amardeep S"]
[Black "Mitsis, Georgios"]
[Result "0-1"]
[WhiteElo "2255"]
[BlackElo "2392"]
[PlyCount "148"]
[EventDate "2019.08.18"]
[EventType "swiss"]
[EventRounds "9"]
[EventCountry "GRE"]
[SourceTitle "EXT 2020"]
[Source "ChessBase"]
[SourceDate "2019.10.17"]
[SourceVersion "1"]
[SourceVersionDate "2019.10.17"]
[SourceQuality "1"]

1. e4 e5 2. Nf3 Nc6 3. Bb5 a6 4. Ba4 Nf6 5. 0-0 Be7 6. Qe2 b5 7. Bb3 0-0 8. c3 d6 9. Rd1 Na5 10. Bc2 c5 11. d4 Qc7 12. d5 Nb7 13. Nbd2 Nh5 14. Nf1 g6 15. Bh6 Ng7 16. Ng3 f6 17. a4 Bd7 18. h3 c4 19. Ra3 Nc5 20. Nd2 Rab8 21. axb5 axb5 22. Rda1 Qc8 23. Ra7 Bd8 24. Kh2 Bb6 25. R7a3 Qd8 26. Be3 f5 27. exf5 Nxf5 28. Nde4 Nxe3 29. fxe3 Nxe4 30. Bxe4 Qg5 31. Re1 Ra8 32. Rxa8 Rxa8 33. Bb1 Qe7 34. b3 cxb3 35. Qb2 Qh4 36. Qxb3 Bc5 37. Bd3 Rf8 38. Qc2 Rf3 39. gxf3 Qxh3+ 40. Kg1 Qxg3+ 41. Kf1 Qxf3+ 42. Qf2 Qh1+ 43. Ke2 Bg4+ 44. Kd2 Qxd5 45. Qh4 Qg2+ 46. Re2 Bxe2 47. Qd8+ Kg7 48. Qe7+ Kh6 49. Qf8+ Kg5 50. Qe7+ Kg4 51. Bxe2+ Kg3 52. Qxh7 Kf2 53. Qh4+ Qg3 54. Qf6+ Kg1 55. Qf1+ Kh2 56. Bf3 Qg1 57. Qxg1+ Kxg1 58. Ke2 g5 59. Bg4 Kg2 60. Bd7 b4 61. cxb4 Bxb4 62. Bc6+ Kg3 63. Bd5 g4 64. Be6 Bc5 65. Bf5 Kh4 66. Be4 Kg5 67. Kf2 Kf6 68. Bb7 Ke6 69. Bc8+ Kd5 70. Bxg4 Ke4 71. Bf3+ Kd3 72. Be2+ Kd2 73. Kf3 e4+ 74. Kxe4 Kxe2 0-1

[Event "Basel op"]
[Site "Basel"]
[Date "2019.01.03"]
[Round "2"]
[White "Bartakke, Amardeep S"]
[Black "Vergara Anton, Diego"]
[Result "1-0"]
[WhiteElo "2249"]
[BlackElo "2040"]
[PlyCount "61"]
[EventDate "2019.01.02"]
[EventType "swiss"]
[EventRounds "7"]
[EventCountry "SUI"]
[SourceTitle "CBM 188 Extra"]
[Source "ChessBase"]
[SourceDate "2019.02.26"]
[SourceVersion "1"]
[SourceVersionDate "2019.02.26"]
[SourceQuality "1"]

1. e4 e6 2. d4 d5 3. Nd2 c5 4. exd5 Qxd5 5. Ngf3 cxd4 6. Bc4 Qd8 7. 0-0 Nc6 8. Nb3 a6 9. Qe2 Qc7 10. Rd1 Bd6 11. Nbxd4 Nge7 12. c3 Nxd4 13. Rxd4 0-0 14. Bd3 Ng6 15. Rc4 Qe7 16. Ng5 h6 17. Qh5 Bxh2+ 18. Qxh2 hxg5 19. Qh5 Qe8 20. Bxg5 f5 21. Re1 e5 22. Rc7 e4 23. Bc4+ Be6 24. Re7 Nxe7 25. Bxe6+ Rf7 26. Bxe7 Qxe7 27. Qxf5 Rd8 28. Rxe4 Rd1+ 29. Kh2 Qc7+ 30. Rf4 Rd2 31. Bxf7+ 1-0

[Event "Basel op"]
[Site "Basel"]
[Date "2019.01.03"]
[Round "3"]
[White "Shah, Rishab"]
[Black "Bartakke, Amardeep S"]
[Result "1-0"]
[WhiteElo "2086"]
[BlackElo "2249"]
[PlyCount "129"]
[EventDate "2019.01.02"]
[EventType "swiss"]
[EventRounds "7"]
[EventCountry "SUI"]
[SourceTitle "CBM 188 Extra"]
[Source "ChessBase"]
[SourceDate "2019.02.26"]
[SourceVersion "1"]
[SourceVersionDate "2019.02.26"]
[SourceQuality "1"]

1. e4 c5 2. Nc3 a6 3. a4 Nc6 4. f4 g6 5. Nf3 Bg7 6. Bc4 e6 7. f5 Nge7 8. fxe6 dxe6 9. 0-0 0-0 10. d3 Nd4 11. Ne2 Nxf3+ 12. Rxf3 Nc6 13. Rf1 Ne5 14. Bb3 b6 15. Qe1 Bb7 16. Qg3 c4 17. dxc4 Bxe4 18. Bf4 Qc7 19. Rae1 Qc5+ 20. Be3 Qb4 21. Bd4 Nxc4 22. Bxg7 Kxg7 23. Nf4 Qc5+ 24. Kh1 Nd2 25. Rf2 Nxb3 26. Rxe4 Rad8 27. Re1 Nd4 28. b4 Qd6 29. Nh5+ Kh8 30. Qh4 f5 31. Nf4 Kg8 32. c3 Nc6 33. Rf3 e5 34. Rd3 Qb8 35. Nd5 e4 36. Rh3 Rf7 37. Nf6+ Kg7 38. Nxh7 Qe5 39. Qh6+ Kg8 40. Ng5 Qf6 41. Qh8+ Qxh8 42. Rxh8+ Kxh8 43. Nxf7+ Kg7 44. Nxd8 Nxd8 45. Kg1 Kf6 46. Rd1 Ke7 47. Kf2 Nc6 48. g4 Ke6 49. gxf5+ gxf5 50. Rg1 Ne5 51. Ke3 Nf3 52. Rh1 Ke5 53. h4 f4+ 54. Ke2 Kf5 55. h5 Ne5 56. h6 f3+ 57. Ke3 Ng4+ 58. Kd4 e3 59. h7 e2 60. h8Q f2 61. Qf8+ Nf6 62. Qc8+ Kg5 63. Qh3 Ng4 64. Qh5+ Kf4 65. Rh4 1-0

[Event "Abu Dhabi op 25th"]
[Site "Abu Dhabi"]
[Date "2018.08.13"]
[Round "7"]
[White "Bartakke, Amardeep S"]
[Black "Patil, Pratik"]
[Result "1/2-1/2"]
[WhiteElo "2133"]
[BlackElo "2280"]
[PlyCount "102"]
[EventDate "2018.08.07"]
[EventType "swiss"]
[EventRounds "9"]
[EventCountry "UAE"]
[SourceTitle "CBM 185 Extra"]
[Source "ChessBase"]
[SourceDate "2018.07.29"]
[SourceVersion "1"]
[SourceVersionDate "2018.07.29"]
[SourceQuality "1"]

1. e4 e5 2. Nf3 Nc6 3. Bc4 Bc5 4. c3 Nf6 5. d3 d6 6. Bb3 0-0 7. Nbd2 a6 8. Nf1 d5 9. Qe2 dxe4 10. dxe4 Ng4 11. Ne3 Na5 12. Nxg4 Bxg4 13. Bc2 Nc6 14. h3 Be6 15. 0-0 Qe7 16. a4 f6 17. b4 Bb6 18. Ba3 Qf7 19. Rfd1 Rfd8 20. Rxd8+ Rxd8 21. Rd1 Ra8 22. a5 Ba7 23. Bc1 g5 24. Bd3 Kh8 25. Nd2 Rd8 26. Nf1 Ne7 27. Kh2 Rg8 28. Be3 Bb8 29. Bc5 Ng6 30. Qh5 Qg7 31. Ne3 Nf4 32. Qf3 h5 33. Bc4 g4 34. Qg3 Bxc4 35. Nxc4 Qf7 36. Qh4 gxh3 37. g3 Rg4 38. Rd8+ Kh7 39. Nxe5 fxe5 40. Qe7 Qxe7 41. Bxe7 Ba7 42. gxf4 exf4 43. Bc5 Bxc5 44. bxc5 Rg2+ 45. Kxh3 Rxf2 46. Rd7+ Kg6 47. Rxc7 Rf3+ 48. Kh4 Rf1 49. Kh3 Rf3+ 50. Kh4 Rf1 51. Kh3 Rf3+ 1/2-1/2

[Event "Dieren op"]
[Site "Dieren"]
[Date "2018.08.02"]
[Round "9"]
[White "Himanshu, Sharma"]
[Black "Bartakke, Amardeep S"]
[Result "1/2-1/2"]
[WhiteElo "2420"]
[BlackElo "2066"]
[PlyCount "95"]
[EventDate "2018.07.24"]
[EventType "tourn"]
[EventRounds "9"]
[EventCountry "NED"]
[SourceTitle "CBM 185 Extra"]
[Source "ChessBase"]
[SourceDate "2018.07.29"]
[SourceVersion "1"]
[SourceVersionDate "2018.07.29"]
[SourceQuality "1"]

1. e4 c5 2. Nc3 Nc6 3. Nge2 d6 4. d4 cxd4 5. Nxd4 Nf6 6. Bg5 e6 7. Qd2 a6 8. 0-0-0 Bd7 9. f3 b5 10. Nxc6 Bxc6 11. h4 Be7 12. Ne2 0-0 13. Nd4 Bb7 14. Bd3 Nd7 15. Rhe1 Rc8 16. g3 Ne5 17. Bf1 Nc4 18. Bxc4 bxc4 19. Bxe7 Qxe7 20. Qg5 Qc7 21. c3 Qb6 22. Rd2 Rc5 23. Qe3 Rb8 24. Kd1 Re5 25. Nc2 Qc7 26. Qd4 d5 27. f4 Rxe4 28. Rxe4 dxe4 29. Ne3 Bd5 30. Ke1 h5 31. Nxd5 exd5 32. Qxd5 e3 33. Re2 Re8 34. Kf1 g6 35. Kg2 Qc8 36. f5 gxf5 37. Qf3 Qe6 38. Qxh5 Qe4+ 39. Kh2 Re6 40. Qg5+ Kh7 41. Qh5+ Kg7 42. Qg5+ Kf8 43. Qd8+ Re8 44. Qd6+ Kg8 45. Qf4 Qd3 46. Qg5+ Kf8 47. Qh6+ Kg8 48. Qg5+ 1/2-1/2

[Event "Dieren op"]
[Site "Dieren"]
[Date "2018.07.31"]
[Round "7"]
[White "Bartakke, Amardeep S"]
[Black "Beukema, Jasper"]
[Result "1-0"]
[WhiteElo "2066"]
[BlackElo "2299"]
[PlyCount "51"]
[EventDate "2018.07.24"]
[EventType "tourn"]
[EventRounds "9"]
[EventCountry "NED"]
[SourceTitle "CBM 185 Extra"]
[Source "ChessBase"]
[SourceDate "2018.07.29"]
[SourceVersion "1"]
[SourceVersionDate "2018.07.29"]
[SourceQuality "1"]

1. e4 e5 2. Nf3 Nc6 3. Bb5 Nge7 4. Nc3 a6 5. Be2 g6 6. d4 exd4 7. Nd5 Nxd5 8. exd5 Ne7 9. Qxd4 Rg8 10. Bg5 d6 11. 0-0-0 Qd7 12. Rhe1 b6 13. Bd3 Bb7 14. Rxe7+ Bxe7 15. Re1 Kd8 16. Rxe7 Qxe7 17. c4 b5 18. Bxe7+ Kxe7 19. Qh4+ Kf8 20. Qxh7 bxc4 21. Bxc4 Re8 22. Ng5 Re7 23. Qh4 Re5 24. f4 Rf5 25. g4 Rxf4 26. Ne6+ 1-0

[Event "Rochefort op-A17th"]
[Site "Rochefort"]
[Date "2018.02.17"]
[Round "6.8"]
[White "Bartakke, Amardeep S"]
[Black "Gabrielian, Artur"]
[Result "0-1"]
[WhiteElo "2078"]
[BlackElo "2502"]
[PlyCount "61"]
[EventDate "2018.02.17"]
[EventType "swiss"]
[EventRounds "9"]
[EventCountry "FRA"]
[SourceTitle "EXT 2019"]
[Source "ChessBase"]
[SourceDate "2018.10.10"]
[SourceVersion "1"]
[SourceVersionDate "2018.10.10"]
[SourceQuality "1"]

1. e4 c5 2. Nf3 d6 3. c3 Nf6 4. h3 g6 5. Bd3 Bg7 6. Bc2 0-0 7. 0-0 e5 8. d4 cxd4 9. cxd4 exd4 10. Nxd4 d5 11. exd5 Nxd5 12. Bb3 Nc6 13. Nb5 a6 14. N1c3 axb5 15. Nxd5 Be6 16. Be3 Bxb2 17. Rb1 Be5 18. Qf3 Qh4 19. Rbd1 Rad8 20. Rd2 Kg7 21. Rfd1 Rfe8 22. Bb6 Rd7 23. Nf6 Bxf6 24. Rxd7 Bxd7 25. Rxd7 Re1+ 26. Kh2 Ne5 27. Rxf7+ Nxf7 28. Qd5 Nh6 29. Qd7+ Re7 30. Qc8 Bd4 31. Bd8 0-1

[Event "Mumbai Wealth op 2nd"]
[Site "Mumbai"]
[Date "2016.12.31"]
[Round "6"]
[White "Akash, G."]
[Black "Bartakke, Amardeep S"]
[Result "1-0"]
[WhiteElo "2395"]
[BlackElo "2104"]
[PlyCount "93"]
[EventDate "2016.12.26"]
[EventType "swiss"]
[EventRounds "9"]
[EventCountry "IND"]
[SourceTitle "CBM 176 Extra"]
[Source "ChessBase"]
[SourceDate "2017.03.02"]
[SourceVersion "1"]
[SourceVersionDate "2017.03.02"]
[SourceQuality "1"]

1. e4 c5 2. Nf3 d6 3. d4 cxd4 4. Nxd4 Nf6 5. Nc3 Nc6 6. Bg5 e6 7. Qd2 a6 8. 0-0-0 Bd7 9. f3 Be7 10. Kb1 b5 11. Nxc6 Bxc6 12. h4 Rc8 13. Bd3 0-0 14. Ne2 Bd7 15. g4 a5 16. Be3 Bc6 17. Nd4 Qc7 18. h5 b4 19. g5 Nd7 20. g6 Nc5 21. h6 fxg6 22. hxg7 Rf7 23. Nxc6 Qxc6 24. Bd4 Bf6 25. Bxf6 Rxf6 26. Bc4 Rf7 27. Qh2 Rxg7 28. Rxd6 Qe8 29. Qe5 Re7 30. Rhd1 Kf7 31. Rh1 Qh8 32. Qf4+ Kg8 33. Rhd1 Qg7 34. Rc6 Rf8 35. Qe3 Na4 36. Qb3 Qxb2+ 37. Qxb2 Nxb2 38. Kxb2 Rxf3 39. Bxe6+ Kg7 40. Bd5 Rg3 41. Ra6 h5 42. Rh1 Re8 43. Rxa5 Rh8 44. e5 g5 45. Ra7+ Kg6 46. Be4+ Kh6 47. Ra6+ 1-0